000 00265nam a2200097Ia 4500
008 231107s2012 xx 000 0 und d
041 _aeng
100 _aMatteson Donna
245 _aCivil Engineering Architecture
260 _aAustralia
_bDelmar Cengage Learning
_c2012
999 _c930590
_d930590